Statistics for States With The Most Divorces

Click here to take the quiz!

General Stats

  • This quiz has been taken 25 times
  • The average score is 6 of 8

Answer Stats

DivorcesState% Correct
3.9Florida
96%
4.2Texas
96%
4.3Nevada
91%
3.9Alaska
74%
3.9Arkansas
70%
4.4Oklahoma
70%
4Idaho
57%
4.2Wyoming
57%

Score Distribution

Percentile by Number Answered

Percent of People with Each Score

Your Score History

You have not taken this quiz